| 000 | nam a22 7a 4500 | ||
|---|---|---|---|
| 999 |
_c56013 _d56013 |
||
| 003 | OSt | ||
| 005 | 20221114102820.0 | ||
| 008 | 221114b xxu||||| |||| 00| 0 eng d | ||
| 040 | _ciimt engineering college | ||
| 100 | _ayadav d.s | ||
| 245 | _aprogramming for problem solving using c | ||
| 260 |
_anew age pub _barista pub _c11/11/22 |
||
| 300 | _a511 | ||
| 942 |
_2ddc _c02 _e2020 |
||